[Event "Alberta-ch"]
[Site "Edmonton CAN"]
[Date "2012.04.08"]
[Round "5"]
[White "Pechenkin, Vladimir"]
[Black "Wang, Richard"]
[Result "1-0"]
[WhiteElo "2309"]
[BlackElo "2289"]
[PlyCount "109"]
[GameId "2160767909509848"]
[EventDate "2012.04.06"]
[EventType "tourn"]
[EventRounds "5"]
[EventCountry "CAN"]
[SourceTitle "EXT 2022"]
[Source "ChessBase"]
[SourceDate "2021.10.06"]
[SourceVersion "1"]
[SourceVersionDate "2021.10.06"]
[SourceQuality "1"]

1. f4 d5 2. Nf3 Bg4 3. e3 Nd7 4. h3 Bxf3 5. Qxf3 e5 6. Qxd5 Qh4+ 7. Kd1 O-O-O 8. fxe5 Bc5 9. Qf3 Ne7 10. Qf4 Qh5+ 11. g4 Qh4 12. Bg2 c6 13. d4 Bb6 14. Bd2 Ng6 15. Qf5 Qe7 16. Be4 Rhe8 17. Nc3 Kb8 18. Bd3 f6 19. exf6 Nxf6 20. a4 Nh4 21. Qf2 g5 22. a5 Bc7 23. Rf1 Rf8 24. Qe2 Nd5 25. Nxd5 cxd5 26. Rxf8 Rxf8 27. e4 Nf3 28. exd5 Qd6 29. c3 Nxd2 30. Kxd2 Qxd5 31. Bc4 Qc6 32. Bb5 Qd5 33. Kc2 Qd6 34. a6 Qg6+ 35. Bd3 Qf7 36. Qe4 bxa6 37. Bxa6 Qg6 38. Qxg6 hxg6 39. Rf1 Bf4 40. Bd3 Rh8 41. Rf3 Rg8 42. b4 Kc7 43. Be4 Kb6 44. Kd3 Kb5 45. Rf2 Rh8 46. Rf3 Rg8 47. h4 Rg7 48. h5 gxh5 49. gxh5 Rg8 50. h6 Rh8 51. h7 a5 52. bxa5 Kxa5 53. Rf1 Kb6 54. Rb1+ Kc7 55. Rb7+ 1-0

[Event "Alberta-ch"]
[Site "Edmonton CAN"]
[Date "2012.04.08"]
[Round "5"]
[White "Porper, Edward"]
[Black "Kazmaier, Daniel"]
[Result "1/2-1/2"]
[WhiteElo "2438"]
[BlackElo "2204"]
[PlyCount "123"]
[GameId "2160767909509849"]
[EventDate "2012.04.06"]
[EventType "tourn"]
[EventRounds "5"]
[EventCountry "CAN"]
[SourceTitle "EXT 2022"]
[Source "ChessBase"]
[SourceDate "2021.10.06"]
[SourceVersion "1"]
[SourceVersionDate "2021.10.06"]
[SourceQuality "1"]

1. d4 f5 2. c4 d6 3. Nc3 Nf6 4. Bg5 e6 5. e4 fxe4 6. Nxe4 Be7 7. Bxf6 Bxf6 8. Nf3 Nc6 9. Nxf6+ Qxf6 10. Bd3 O-O 11. O-O g6 12. Be4 Bd7 13. Qd2 Qf4 14. Qxf4 Rxf4 15. Rfe1 Raf8 16. Rad1 Kg7 17. Rd2 h6 18. Re3 g5 19. b3 Nd8 20. Ne1 Bc6 21. Bb1 Re8 22. g3 Rf7 23. Rde2 Rfe7 24. Nd3 Kf6 25. Bc2 Nf7 26. f3 h5 27. f4 g4 28. Nf2 Bf3 29. Re1 e5 30. Rxf3 gxf3 31. Ne4+ Kg7 32. f5 Kh6 33. d5 Ng5 34. Kf2 Rf7 35. h4 Nxe4+ 36. Bxe4 Ref8 37. Kxf3 Rxf5+ 38. Bxf5 Rxf5+ 39. Ke3 a5 40. Rc1 b6 41. a3 Rf8 42. b4 axb4 43. axb4 Rg8 44. Ke4 Rxg3 45. Kf5 e4 46. Ke6 e3 47. Kd7 e2 48. Kxc7 Rc3 49. Re1 Rxc4+ 50. Kxd6 Rxb4 51. Rxe2 Rxh4 52. Ke6 Rd4 53. d6 Kg5 54. Re5+ Kg4 55. Rd5 Ra4 56. d7 Ra8 57. d8=Q Rxd8 58. Rxd8 h4 59. Rd4+ Kg5 60. Rd5+ Kg4 61. Rd4+ Kg5 62. Rd5+ 1/2-1/2

[Event "Alberta-ch"]
[Site "Edmonton CAN"]
[Date "2012.04.08"]
[Round "5"]
[White "Yam, Alex"]
[Black "Reeve, Jeff"]
[Result "1-0"]
[WhiteElo "2246"]
[BlackElo "2244"]
[PlyCount "41"]
[GameId "2160767909509850"]
[EventDate "2012.04.06"]
[EventType "tourn"]
[EventRounds "5"]
[EventCountry "CAN"]
[SourceTitle "EXT 2022"]
[Source "ChessBase"]
[SourceDate "2021.10.06"]
[SourceVersion "1"]
[SourceVersionDate "2021.10.06"]
[SourceQuality "1"]

1. e4 c5 2. c3 d5 3. exd5 Qxd5 4. d4 g6 5. Nf3 Bg7 6. dxc5 Qxc5 7. Na3 Nh6 8. Be3 Qa5 9. Nb5 Nf5 10. Bf4 Na6 11. b4 Qb6 12. g4 Bd7 13. a4 Qe6+ 14. Be2 Bxb5 15. axb5 Bxc3+ 16. Bd2 Qf6 17. Rc1 Bxd2+ 18. Qxd2 Rd8 19. Qf4 Nxb4 20. Qxb4 Nd6 21. Qc3 1-0

[Event "Alberta-ch Reserves"]
[Site "Edmonton CAN"]
[Date "2012.04.07"]
[Round "1"]
[White "Blyznyuk, Vladimir"]
[Black "Daniluk, Jim"]
[Result "0-1"]
[WhiteElo "1489"]
[BlackElo "1932"]
[PlyCount "82"]
[GameId "2160767909509798"]
[EventDate "2012.04.07"]
[EventType "swiss"]
[EventRounds "5"]
[EventCountry "CAN"]
[SourceTitle "EXT 2022"]
[Source "ChessBase"]
[SourceDate "2021.10.06"]
[SourceVersion "1"]
[SourceVersionDate "2021.10.06"]
[SourceQuality "1"]

1. d4 Nf6 2. Bg5 c5 3. Bxf6 gxf6 4. dxc5 Qa5+ 5. Nd2 Qxc5 6. e3 d6 7. g3 Bg7 8. Bg2 f5 9. c3 Nd7 10. Ne2 Ne5 11. Nf4 Qb5 12. Qc2 O-O 13. a4 Qd7 14. O-O Rb8 15. a5 e6 16. Qa4 Qe7 17. Qb4 Bd7 18. Rfd1 Nc6 19. Qa3 d5 20. Qxe7 Nxe7 21. Nb3 Rfc8 22. Nd3 Bb5 23. f4 Rc7 24. Nd4 Bd7 25. Ne5 Be8 26. Bf1 a6 27. Rdc1 Rbc8 28. Be2 f6 29. Nef3 Bd7 30. Bd1 e5 31. fxe5 fxe5 32. Ne2 Bh6 33. Kf2 Nc6 34. Ba4 d4 35. cxd4 exd4 36. Nfxd4 Nxd4 37. Rxc7 Rxc7 38. Nxd4 Bc8 39. Bb3+ Kg7 40. Ke2 Re7 41. Kf2 Bxe3+ 0-1

[Event "Alberta-ch Reserves"]
[Site "Edmonton CAN"]
[Date "2012.04.07"]
[Round "1"]
[White "Borger, Rocky"]
[Black "Wang, Harris"]
[Result "0-1"]
[WhiteElo "1323"]
[BlackElo "1879"]
[PlyCount "86"]
[GameId "2160767909509799"]
[EventDate "2012.04.07"]
[EventType "swiss"]
[EventRounds "5"]
[EventCountry "CAN"]
[SourceTitle "EXT 2022"]
[Source "ChessBase"]
[SourceDate "2021.10.06"]
[SourceVersion "1"]
[SourceVersionDate "2021.10.06"]
[SourceQuality "1"]

1. e4 c5 2. f4 d6 3. Bb5+ Bd7 4. Bxd7+ Qxd7 5. Nc3 Nc6 6. Nf3 g6 7. O-O Bg7 8. Ne2 Nf6 9. Ng3 b5 10. c3 h5 11. Nh4 Qg4 12. Qxg4 hxg4 13. a4 b4 14. e5 dxe5 15. cxb4 cxb4 16. fxe5 Nxe5 17. d4 Nc6 18. Ne2 Rxh4 19. Bg5 Rh5 20. Bd2 Rd8 21. Rf4 Bh6 22. Rxf6 exf6 23. Bxh6 Rxh6 24. Rd1 Ne7 25. b3 Nd5 26. Re1 Kf8 27. Rf1 Kg7 28. Ng3 Nc3 29. Rf4 f5 30. Nh1 Ne2+ 31. Kf1 Nxf4 32. g3 Rxh2 33. Kg1 Rxh1+ 34. Kxh1 Rxd4 35. gxf4 Rxf4 36. a5 Rf3 37. Kg2 Rxb3 38. a6 Rc3 39. Kf1 b3 40. Ke1 b2 41. Kd1 b1=Q+ 42. Kd2 Qb2+ 43. Ke1 Rc1# 0-1

[Event "Alberta-ch Reserves"]
[Site "Edmonton CAN"]
[Date "2012.04.07"]
[Round "1"]
[White "Gardner, Robert"]
[Black "White, Chris"]
[Result "1-0"]
[WhiteElo "2300"]
[BlackElo "1792"]
[PlyCount "51"]
[GameId "2160767909509800"]
[EventDate "2012.04.07"]
[EventType "swiss"]
[EventRounds "5"]
[EventCountry "CAN"]
[SourceTitle "EXT 2022"]
[Source "ChessBase"]
[SourceDate "2021.10.06"]
[SourceVersion "1"]
[SourceVersionDate "2021.10.06"]
[SourceQuality "1"]

1. d4 d5 2. c4 e6 3. Nc3 Nf6 4. cxd5 exd5 5. Bg5 c6 6. e3 Be7 7. Bd3 O-O 8. Qc2 Nbd7 9. Nf3 Re8 10. O-O Nf8 11. h3 Ng6 12. Rab1 a5 13. a3 b6 14. b4 axb4 15. axb4 Nd7 16. Bxe7 Rxe7 17. b5 Nb8 18. bxc6 Nxc6 19. Qb3 Be6 20. Qxb6 Qc8 21. Ng5 Rb8 22. Qc5 Rxb1 23. Rxb1 Rc7 24. Nxd5 Bxd5 25. Qxd5 Nd8 26. Bf5 1-0

[Event "Alberta-ch Reserves"]
[Site "Edmonton CAN"]
[Date "2012.04.07"]
[Round "1"]
[White "Sponga, George"]
[Black "Yearwood, Roy"]
[Result "1-0"]
[WhiteElo "1656"]
[BlackElo "2163"]
[PlyCount "69"]
[GameId "2160767909509804"]
[EventDate "2012.04.07"]
[EventType "swiss"]
[EventRounds "5"]
[EventCountry "CAN"]
[SourceTitle "EXT 2022"]
[Source "ChessBase"]
[SourceDate "2021.10.06"]
[SourceVersion "1"]
[SourceVersionDate "2021.10.06"]
[SourceQuality "1"]

1. f4 d5 2. e3 e5 3. fxe5 Qh4+ 4. g3 Qe4 5. Nf3 Bg4 6. Bg2 Bxf3 7. Qxf3 Qxf3 8. Bxf3 c6 9. O-O Nd7 10. d4 f6 11. exf6 Ngxf6 12. Nd2 h5 13. h4 Bd6 14. Kg2 c5 15. c3 cxd4 16. exd4 O-O 17. c4 Rae8 18. c5 Bc7 19. b4 Re3 20. Nb3 Rc3 21. Bd2 Rd3 22. Bf4 Bxf4 23. gxf4 Ne4 24. Bxe4 dxe4 25. Rad1 Rxd1 26. Rxd1 Rxf4 27. d5 Rf6 28. Re1 Rg6+ 29. Kh3 Nf6 30. d6 Kf7 31. Na5 b6 32. c6 Ke6 33. Nc4 Ne8 34. Rxe4+ Kd5 35. d7 1-0

[Event "Alberta-ch Reserves"]
[Site "Edmonton CAN"]
[Date "2012.04.07"]
[Round "1"]
[White "Wang, Kaixin"]
[Black "Smith, Kevin"]
[Result "0-1"]
[WhiteElo "1110"]
[BlackElo "1822"]
[PlyCount "80"]
[GameId "2160767909509805"]
[EventDate "2012.04.07"]
[EventType "swiss"]
[EventRounds "5"]
[EventCountry "CAN"]
[SourceTitle "EXT 2022"]
[Source "ChessBase"]
[SourceDate "2021.10.06"]
[SourceVersion "1"]
[SourceVersionDate "2021.10.06"]
[SourceQuality "1"]

1. e4 e5 2. f4 exf4 3. Nf3 d6 4. d4 g5 5. Bc4 g4 6. Bxf4 gxf3 7. Qxf3 Qe7 8. O-O Be6 9. d5 Bd7 10. e5 Bg7 11. exd6 cxd6 12. Qf2 Be5 13. Bxe5 dxe5 14. d6 Qxd6 15. Bxf7+ Kd8 16. Kh1 Nc6 17. Nc3 Nd4 18. Rad1 Nh6 19. Bh5 Kc7 20. Qg3 Nhf5 21. Rxf5 Bxf5 22. Nb5+ Nxb5 23. Rxd6 Kxd6 24. c4 Rhg8 25. Qf3 Be6 26. cxb5 Bd5 27. Qa3+ Ke6 28. Bf3 Rad8 29. Bxd5+ Rxd5 30. Qh3+ Kd6 31. Qa3+ Kc7 32. h3 Kb8 33. Qb3 Rgd8 34. Qg3 Rxb5 35. a4 Rbd5 36. Kh2 Ka8 37. Qc3 a6 38. b3 Re8 39. Kg3 e4 40. Kf2 Rd3 0-1

[Event "Alberta-ch Reserves"]
[Site "Edmonton CAN"]
[Date "2012.04.07"]
[Round "2"]
[White "Frier, Ken"]
[Black "Wang, Kaixin"]
[Result "1/2-1/2"]
[WhiteElo "1484"]
[BlackElo "1110"]
[PlyCount "67"]
[GameId "2160767909509806"]
[EventDate "2012.04.07"]
[EventType "swiss"]
[EventRounds "5"]
[EventCountry "CAN"]
[SourceTitle "EXT 2022"]
[Source "ChessBase"]
[SourceDate "2021.10.06"]
[SourceVersion "1"]
[SourceVersionDate "2021.10.06"]
[SourceQuality "1"]

1. e4 e5 2. Nf3 Nc6 3. Bb5 Bc5 4. O-O Nge7 5. Re1 O-O 6. c3 d5 7. exd5 Qxd5 8. Qe2 Bg4 9. Bc4 Bxf3 10. Bxd5 Bxe2 11. Bxc6 Nxc6 12. Rxe2 Rad8 13. b3 f5 14. Ba3 Bxa3 15. Nxa3 f4 16. f3 Rd5 17. Rd1 Re8 18. d4 Red8 19. Nc2 exd4 20. Red2 d3 21. Ne1 Ne5 22. Kf2 g5 23. g3 b5 24. gxf4 gxf4 25. Ng2 Ng6 26. Ne1 Ne5 27. Ng2 Rf8 28. Ne1 Kg7 29. Nxd3 Rfd8 30. Ke2 Nxd3 31. Rxd3 Rxd3 32. Rxd3 Rxd3 33. Kxd3 Kg6 34. Ke4 1/2-1/2

[Event "Alberta-ch Reserves"]
[Site "Edmonton CAN"]
[Date "2012.04.07"]
[Round "2"]
[White "Pedersen, Rick"]
[Black "Pua, Richard"]
[Result "1/2-1/2"]
[WhiteElo "1920"]
[BlackElo "2019"]
[PlyCount "47"]
[GameId "2160767909509807"]
[EventDate "2012.04.07"]
[EventType "swiss"]
[EventRounds "5"]
[EventCountry "CAN"]
[SourceTitle "EXT 2022"]
[Source "ChessBase"]
[SourceDate "2021.10.06"]
[SourceVersion "1"]
[SourceVersionDate "2021.10.06"]
[SourceQuality "1"]

1. e4 e5 2. Nf3 Nc6 3. c4 Nf6 4. Nc3 Bb4 5. d3 d6 6. a3 Bxc3+ 7. bxc3 h6 8. g3 O-O 9. Bg2 Bg4 10. h3 Be6 11. O-O Nd7 12. Rb1 Rb8 13. Nh4 g5 14. Nf5 Bxf5 15. exf5 Nf6 16. Be3 Qd7 17. g4 d5 18. Qd2 Kh8 19. cxd5 Nxd5 20. Bxg5 hxg5 21. Qxg5 f6 22. Qh6+ Kg8 23. Qg6+ Kh8 24. Qh6+ 1/2-1/2

[Event "Alberta-ch Reserves"]
[Site "Edmonton CAN"]
[Date "2012.04.07"]
[Round "2"]
[White "Rekhson, Vladislav"]
[Black "Sponga, George"]
[Result "1-0"]
[WhiteElo "2022"]
[BlackElo "1656"]
[PlyCount "45"]
[GameId "2160767909509808"]
[EventDate "2012.04.07"]
[EventType "swiss"]
[EventRounds "5"]
[EventCountry "CAN"]
[SourceTitle "EXT 2022"]
[Source "ChessBase"]
[SourceDate "2021.10.06"]
[SourceVersion "1"]
[SourceVersionDate "2021.10.06"]
[SourceQuality "1"]

1. e4 d6 2. d4 g6 3. Nc3 Bg7 4. Be3 a6 5. Nf3 h6 6. Qd2 Nc6 7. Be2 e5 8. O-O-O f5 9. dxe5 Nxe5 10. Nxe5 Bxe5 11. f4 Bf6 12. exf5 Bxf5 13. g4 Be6 14. f5 gxf5 15. gxf5 Bxf5 16. Bh5+ Kd7 17. Nd5 Bg5 18. Nb6+ cxb6 19. Qxd6+ Kc8 20. Qe5 Bxe3+ 21. Kb1 Bxc2+ 22. Ka1 Bd3 23. Bg4+ 1-0

[Event "Alberta-ch Reserves"]
[Site "Edmonton CAN"]
[Date "2012.04.07"]
[Round "2"]
[White "Sekuloff, Mike"]
[Black "Yao, David"]
[Result "1/2-1/2"]
[WhiteElo "1582"]
[BlackElo "1285"]
[PlyCount "65"]
[GameId "2160767909509809"]
[EventDate "2012.04.07"]
[EventType "swiss"]
[EventRounds "5"]
[EventCountry "CAN"]
[SourceTitle "EXT 2022"]
[Source "ChessBase"]
[SourceDate "2021.10.06"]
[SourceVersion "1"]
[SourceVersionDate "2021.10.06"]
[SourceQuality "1"]

1. e4 e5 2. Nf3 Nf6 3. Nc3 Nc6 4. d4 Bb4 5. Bg5 h6 6. Bxf6 Qxf6 7. d5 Nd4 8. Be2 Nxe2 9. Qxe2 O-O 10. Qc4 Ba5 11. O-O-O Bb6 12. Rhf1 d6 13. h3 Bd7 14. Nh2 Qf4+ 15. Kb1 Qxh2 16. Rd3 Qf4 17. Rf3 Qg5 18. Rg3 Qe7 19. Qe2 Bd4 20. f4 a6 21. f5 Bxc3 22. bxc3 f6 23. Qh5 Kh8 24. c4 Qf7 25. Rg6 c6 26. Rf3 Be8 27. Rxh6+ gxh6 28. Qxh6+ Qh7 29. Qxf6+ Qg7 30. Qh6+ Qh7 31. Qxf8+ Qg8 32. Qh6+ Qh7 33. Qf8+ 1/2-1/2

[Event "Alberta-ch Reserves"]
[Site "Edmonton CAN"]
[Date "2012.04.07"]
[Round "2"]
[White "Smith, Kevin"]
[Black "Pradzinski, Tim"]
[Result "1/2-1/2"]
[WhiteElo "1822"]
[BlackElo "1925"]
[PlyCount "63"]
[GameId "2160767909509810"]
[EventDate "2012.04.07"]
[EventType "swiss"]
[EventRounds "5"]
[EventCountry "CAN"]
[SourceTitle "EXT 2022"]
[Source "ChessBase"]
[SourceDate "2021.10.06"]
[SourceVersion "1"]
[SourceVersionDate "2021.10.06"]
[SourceQuality "1"]

1. e4 c5 2. Nf3 d6 3. d4 cxd4 4. Nxd4 Nf6 5. Nc3 a6 6. Bg5 e6 7. f4 Be7 8. Qf3 Qc7 9. Bd3 Nc6 10. Nb3 b5 11. a3 Bb7 12. O-O O-O 13. Rad1 Rad8 14. Qh3 g6 15. f5 Bc8 16. Qh4 Kg7 17. Bh6+ Kg8 18. Bg5 Kg7 19. Bh6+ Kg8 20. Bxf8 Rxf8 21. fxg6 fxg6 22. Rf2 Qb6 23. Rdf1 Nh5 24. Qg4 Ne5 25. Qe2 Nf4 26. Qd2 Ng4 27. Kh1 Nxf2+ 28. Rxf2 Nxd3 29. Rxf8+ Bxf8 30. cxd3 Bg7 31. d4 Qd8 32. Qf2 1/2-1/2

[Event "Alberta-ch Reserves"]
[Site "Edmonton CAN"]
[Date "2012.04.07"]
[Round "2"]
[White "Wang, Harris"]
[Black "Gardner, Robert"]
[Result "0-1"]
[WhiteElo "1879"]
[BlackElo "2302"]
[PlyCount "68"]
[GameId "2160767909509811"]
[EventDate "2012.04.07"]
[EventType "swiss"]
[EventRounds "5"]
[EventCountry "CAN"]
[SourceTitle "EXT 2022"]
[Source "ChessBase"]
[SourceDate "2021.10.06"]
[SourceVersion "1"]
[SourceVersionDate "2021.10.06"]
[SourceQuality "1"]

1. e4 d6 2. g3 g6 3. Bg2 Bg7 4. d3 c5 5. Nc3 Nc6 6. Be3 Rb8 7. Qd2 h5 8. f4 h4 9. gxh4 Rxh4 10. Nf3 Rh5 11. h3 b5 12. d4 Na5 13. Bf2 Nc4 14. Qc1 Qa5 15. Bf1 Nf6 16. Nd2 Nxd2 17. Qxd2 b4 18. Bg2 bxc3 19. bxc3 cxd4 20. Qxd4 Kf8 21. O-O Bxh3 22. Bxh3 Rxh3 23. Rab1 Rxb1 24. Rxb1 Ne8 25. Qd1 Qh5 26. Qxh5 Rxh5 27. Bxa7 Ra5 28. Bd4 Rxa2 29. Rc1 Bxd4+ 30. cxd4 Nf6 31. e5 Nd5 32. f5 gxf5 33. exd6 exd6 34. Kf2 Nb4 0-1

[Event "Alberta-ch Reserves"]
[Site "Edmonton CAN"]
[Date "2012.04.07"]
[Round "2"]
[White "White, Chris"]
[Black "Borger, Rocky"]
[Result "1-0"]
[WhiteElo "1792"]
[BlackElo "1373"]
[PlyCount "63"]
[GameId "2160767909509812"]
[EventDate "2012.04.07"]
[EventType "swiss"]
[EventRounds "5"]
[EventCountry "CAN"]
[SourceTitle "EXT 2022"]
[Source "ChessBase"]
[SourceDate "2021.10.06"]
[SourceVersion "1"]
[SourceVersionDate "2021.10.06"]
[SourceQuality "1"]

1. d4 Nf6 2. c4 d6 3. Nc3 g6 4. e4 Bg7 5. Nf3 c6 6. Be2 O-O 7. O-O a6 8. Bg5 b5 9. a3 h6 10. Bd2 d5 11. cxd5 cxd5 12. e5 Ne4 13. h3 Nxd2 14. Qxd2 f6 15. exf6 Rxf6 16. Ne5 Bf5 17. Bf3 Be6 18. Rac1 Qd6 19. Qd3 Kh7 20. Rfe1 Nd7 21. Na2 Rf5 22. Nxd7 Qxd7 23. Nb4 Rc8 24. Nxa6 Rxc1 25. Rxc1 Rxf3 26. Qxf3 Bxd4 27. Rc7 Qd6 28. Qf8 Bf6 29. Qxf6 Bd7 30. Qxd6 exd6 31. Rxd7+ Kg8 32. Kf1 1-0

[Event "Alberta-ch Reserves"]
[Site "Edmonton CAN"]
[Date "2012.04.07"]
[Round "2"]
[White "Yearwood, Roy"]
[Black "Blyznyuk, Vladimir"]
[Result "1-0"]
[WhiteElo "2163"]
[BlackElo "1489"]
[PlyCount "73"]
[GameId "2160767909509813"]
[EventDate "2012.04.07"]
[EventType "swiss"]
[EventRounds "5"]
[EventCountry "CAN"]
[SourceTitle "EXT 2022"]
[Source "ChessBase"]
[SourceDate "2021.10.06"]
[SourceVersion "1"]
[SourceVersionDate "2021.10.06"]
[SourceQuality "1"]

1. e4 d6 2. f4 g6 3. Nc3 Nf6 4. Nf3 Bg4 5. d4 Na6 6. Bc4 Bg7 7. O-O O-O 8. Be3 c5 9. Bxa6 bxa6 10. dxc5 Rb8 11. cxd6 exd6 12. Rb1 Rb7 13. Qd3 Bxf3 14. Rxf3 Ng4 15. Bd4 Bxd4+ 16. Qxd4 Qb6 17. Qxb6 Rxb6 18. Nd5 Rb7 19. h3 Nh6 20. g4 Kg7 21. Rb3 Rxb3 22. axb3 Re8 23. Nc3 f5 24. exf5 gxf5 25. g5 Nf7 26. Ra1 h6 27. h4 hxg5 28. hxg5 d5 29. Rd1 d4 30. Rxd4 Re1+ 31. Kf2 Rc1 32. Rd2 Nh8 33. Ne2 Rb1 34. c4 Ng6 35. c5 Rh1 36. c6 Nh4 37. c7 1-0

[Event "Alberta-ch Reserves"]
[Site "Edmonton CAN"]
[Date "2012.04.07"]
[Round "3"]
[White "Pua, Richard"]
[Black "Wang, Harris"]
[Result "1-0"]
[WhiteElo "2020"]
[BlackElo "1879"]
[PlyCount "57"]
[GameId "2160767909509815"]
[EventDate "2012.04.07"]
[EventType "swiss"]
[EventRounds "5"]
[EventCountry "CAN"]
[SourceTitle "EXT 2022"]
[Source "ChessBase"]
[SourceDate "2021.10.06"]
[SourceVersion "1"]
[SourceVersionDate "2021.10.06"]
[SourceQuality "1"]

1. e4 c5 2. c3 g6 3. d4 cxd4 4. cxd4 d6 5. Nf3 Bg7 6. Bc4 h6 7. Qb3 e6 8. Nc3 Ne7 9. Be3 Nbc6 10. O-O O-O 11. Bd3 Kh8 12. Rfd1 g5 13. d5 exd5 14. exd5 Ne5 15. Nxe5 Bxe5 16. Nb5 a6 17. Nd4 Qa5 18. Nf3 b5 19. Nxe5 dxe5 20. d6 Nf5 21. Qd5 Nxe3 22. Qxe5+ Kg8 23. Qxe3 Bd7 24. Qe4 f5 25. Qd5+ Kg7 26. Re1 Rae8 27. Re7+ Kg6 28. Rxd7 Rf6 29. Re7 1-0

[Event "Alberta-ch Reserves"]
[Site "Edmonton CAN"]
[Date "2012.04.08"]
[Round "3"]
[White "Sponga, George"]
[Black "Sekuloff, Mike"]
[Result "1-0"]
[WhiteElo "1656"]
[BlackElo "1582"]
[PlyCount "99"]
[GameId "2160767909509817"]
[EventDate "2012.04.07"]
[EventType "swiss"]
[EventRounds "5"]
[EventCountry "CAN"]
[SourceTitle "EXT 2022"]
[Source "ChessBase"]
[SourceDate "2021.10.06"]
[SourceVersion "1"]
[SourceVersionDate "2021.10.06"]
[SourceQuality "1"]

1. f4 d6 2. e3 a6 3. Be2 Nc6 4. Nf3 Bg4 5. O-O Bxf3 6. Bxf3 Qd7 7. d4 e6 8. Re1 O-O-O 9. c3 Nge7 10. Nd2 d5 11. Nb3 Nf5 12. g3 Bd6 13. Qd3 g6 14. Bd2 f6 15. Rac1 h5 16. c4 Bb4 17. a3 Bxd2 18. Qxd2 b6 19. Rc2 h4 20. g4 Nfe7 21. Rec1 h3 22. Qe2 Nb8 23. cxd5 c5 24. dxc5 b5 25. d6 Nec6 26. Nd4 e5 27. Nxb5 axb5 28. Qxb5 exf4 29. Rc3 fxe3 30. Rxe3 Rh7 31. Rc4 Ne5 32. Qxd7+ Rhxd7 33. Rf4 Nxf3+ 34. Rfxf3 Nc6 35. b4 Rf8 36. Re6 Nb8 37. b5 Ra7 38. c6 Ra4 39. Rxh3 Rxg4+ 40. Kf2 f5 41. Rh7 Rf4+ 42. Kg2 Rd4 43. Rhe7 Re4 44. Rc7+ Kd8 45. Rb7 Kc8 46. Rxg6 f4 47. Rgg7 f3+ 48. Kf1 Nd7 49. cxd7+ Kxb7 50. d8=Q+ 1-0

[Event "Alberta-ch Reserves"]
[Site "Edmonton CAN"]
[Date "2012.04.08"]
[Round "3"]
[White "Yao, David"]
[Black "Frier, Ken"]
[Result "1-0"]
[WhiteElo "1285"]
[BlackElo "1484"]
[PlyCount "89"]
[GameId "2160767909509819"]
[EventDate "2012.04.07"]
[EventType "swiss"]
[EventRounds "5"]
[EventCountry "CAN"]
[SourceTitle "EXT 2022"]
[Source "ChessBase"]
[SourceDate "2021.10.06"]
[SourceVersion "1"]
[SourceVersionDate "2021.10.06"]
[SourceQuality "1"]

1. e4 c5 2. Nf3 d6 3. d4 cxd4 4. Nxd4 Nf6 5. Nc3 a6 6. Be3 e6 7. Bc4 Qc7 8. Be2 Be7 9. O-O O-O 10. Re1 Nbd7 11. h3 Nc5 12. Bd3 Nxd3 13. cxd3 b5 14. Rc1 Qd7 15. a3 Bb7 16. Re2 Rac8 17. Rec2 Rc7 18. Qd2 Rfc8 19. Qe2 Qd8 20. Nb3 Rd7 21. Nd4 Rdc7 22. Ndxb5 axb5 23. Bb6 Qd7 24. Bxc7 Rxc7 25. Qe3 Bc6 26. Nxb5 Rc8 27. Nd4 Bb7 28. Rxc8+ Bxc8 29. b4 Ba6 30. Nc6 Bb5 31. Nxe7+ Qxe7 32. Qd2 h6 33. Ra1 Qd7 34. Qe3 Qc6 35. Qd2 Nd7 36. Ra2 Nb6 37. f3 Ba4 38. Ra1 Kh7 39. Qc1 Qxc1+ 40. Rxc1 Kg8 41. Rc7 Kf8 42. Kf2 Ke8 43. Rb7 Nd7 44. Ra7 Bc6 45. a4 1-0

[Event "Alberta-ch Reserves"]
[Site "Edmonton CAN"]
[Date "2012.04.08"]
[Round "4"]
[White "Frier, Ken"]
[Black "Blyznyuk, Vladimir"]
[Result "0-1"]
[WhiteElo "1484"]
[BlackElo "1489"]
[PlyCount "76"]
[GameId "2160767909509820"]
[EventDate "2012.04.07"]
[EventType "swiss"]
[EventRounds "5"]
[EventCountry "CAN"]
[SourceTitle "EXT 2022"]
[Source "ChessBase"]
[SourceDate "2021.10.06"]
[SourceVersion "1"]
[SourceVersionDate "2021.10.06"]
[SourceQuality "1"]

1. e4 c6 2. d4 d5 3. exd5 cxd5 4. Bd3 Nf6 5. Nf3 Nc6 6. c3 Bg4 7. Be2 e6 8. O-O Bd6 9. Nh4 Bxe2 10. Qxe2 Qc7 11. Nf3 Ng4 12. h3 Nf6 13. Re1 h6 14. Ne5 Ne4 15. Nd3 Bh2+ 16. Kh1 O-O-O 17. Qf3 Bd6 18. Bf4 Bxf4 19. Qxf4 Qxf4 20. Nxf4 Nxf2+ 21. Kg1 Ne4 22. Re2 g5 23. Nd3 Rde8 24. Nd2 Nxd2 25. Rxd2 e5 26. dxe5 Nxe5 27. Nxe5 Rxe5 28. Rad1 Rd8 29. c4 d4 30. Rxd4 Rxd4 31. Rxd4 Re2 32. b4 Rxa2 33. Rd6 Ra4 34. Rxh6 Rxb4 35. Rf6 Rxc4 36. Rxf7 Rc5 37. Kf2 a5 38. Kg3 b5 0-1

[Event "Alberta-ch Reserves"]
[Site "Edmonton CAN"]
[Date "2012.04.08"]
[Round "4"]
[White "Gardner, Robert"]
[Black "Daniluk, Jim"]
[Result "1/2-1/2"]
[WhiteElo "2302"]
[BlackElo "1937"]
[PlyCount "96"]
[GameId "2160767909509821"]
[EventDate "2012.04.07"]
[EventType "swiss"]
[EventRounds "5"]
[EventCountry "CAN"]
[SourceTitle "EXT 2022"]
[Source "ChessBase"]
[SourceDate "2021.10.06"]
[SourceVersion "1"]
[SourceVersionDate "2021.10.06"]
[SourceQuality "1"]

1. d4 Nf6 2. c4 Nc6 3. Nf3 e6 4. e3 Bb4+ 5. Nbd2 Be7 6. Bd3 d6 7. O-O O-O 8. a3 a5 9. b3 e5 10. Bb2 g6 11. Qc2 exd4 12. Nxd4 Ne5 13. Be2 Bg4 14. f3 Bd7 15. Qc3 c5 16. Nb5 Bxb5 17. cxb5 Nd5 18. Qc1 Nxe3 19. Rf2 Nf5 20. Ne4 Nd4 21. Bxd4 cxd4 22. f4 d5 23. Ng3 Nd7 24. Bd3 Nc5 25. Qd1 f5 26. Rf3 Ne4 27. Ne2 Bf6 28. a4 Qe8 29. Rc1 Rc8 30. Rf1 Qe7 31. Rxc8 Rxc8 32. Nc1 Qc7 33. g3 Qc3 34. Ne2 Qb2 35. Qb1 Qd2 36. Rf3 Nc3 37. Qf1 Re8 38. Nxc3 Re1 39. Nxd5 Rxf1+ 40. Bxf1 Kg7 41. Nxf6 Kxf6 42. Bc4 g5 43. fxg5+ Kxg5 44. h3 Qe1+ 45. Kg2 Qd2+ 46. Rf2 Qc3 47. Rf3 Qd2+ 48. Rf2 Qc3 1/2-1/2